U.S. National Parks with the Most Bird Species Observed - Statistics

General Stats
  • This quiz has been taken 6 times
  • The average score is 4 of 10
Answer Stats
Hint Answer % Correct
260 National Mall
100%
360 Big Bend National Park
80%
375 Gateway National Recreation Area
80%
357 Death Valley National Park
60%
285 Indiana Dunes National Lakeshore
60%
262 Cabrillo National Monument
0%
310 Carlsbad Caverns National Park
0%
265 Fort McHenry National Monument
0%
268 Lake Mead National Recreation Area
0%
444 Point Reyes National Seashore
0%
No matching quizzes found
Score Distribution
Percent of People with Each Score
Percentile by Number Answered
Your Score History
You have not taken this quiz